| 000 | 00800nam a2200181 a 4500 | ||
|---|---|---|---|
| 001 | 000044916 | ||
| 005 | 20201002045729.0 | ||
| 008 | 150119s2013 dr ac 000 0 spa d | ||
| 040 |
_aDO-SdBNP _bspa _cBNPHU |
||
| 082 |
_axxxx _bxxxx |
||
| 100 | 1 |
_aBadillo Veiga, Américo. _949332 |
|
| 245 | 1 | 0 |
_aPedagogía de la tierra, desde fuera de la vida : _btextos escolares de ciencias naturales del primer ciclo de educación básica en la escuela dominicana / _cAmérico Badillo Veiga. |
| 260 |
_aSanto Domingo : _bONÉ-RESPE, _bPROPA-GAS, _c2013. |
||
| 300 |
_av. ; : _bil. retrs. ;. |
||
| 500 | _aIncluye referencias bibliográficas y notas al pie de las páginas. | ||
| 504 | _aBibliografía : p. 93-99 | ||
| 710 | 2 |
_aCentro de Reflexión Encuentro y Solidaridad (ONÉ-RESPE), República Dominicana. _972931 |
|
| 999 |
_c44405 _d44405 |
||